[Event "Weekend Accademia A Primavera"]
[Site "Roma ITA"]
[Date "2007.05.11"]
[Round "1"]
[White "Ottaviani, Gianluca"]
[Black "Marzio, Mario"]
[Result "1/2-1/2"]
[WhiteElo "1963"]
[BlackElo "1457"]
[PlyCount "80"]
[EventDate "2007.05.11"]

1.d4 d5 2.c4 e6 3.Nc3 Nf6 4.Bg5 Be7 5.cxd5 exd5 6.e3 O-O 7.Bd3 Bg4 8.f3 
Be6 9.Nge2 Nbd7 10.Qc2 c6 11.O-O Rc8 12.Nf4 h6 13.Bh4 a6 14.Rae1 b5 15.
Nxe6 fxe6 16.Qe2 a5 17.e4 dxe4 18.Nxe4 Nxe4 19.Bxe7 Qxe7 20.Qxe4 Rf6 21.
Qh7+ Kf7 22.f4 Nf8 23.Qe4 Nd7 24.f5 Nf8 25.fxe6+ Qxe6 26.Rxf6+ gxf6 27.Qh4
Qd5 28.Rf1 Nd7 29.Bf5 Rg8 30.Qh5+ Kf8 31.Qxh6+ Rg7 32.Qh8+ Qg8 33.Qxg8+ 
Kxg8 34.Bxd7 Rxd7 35.Rxf6 Rxd4 36.Rf2 Rd1+ 37.Rf1 Rd2 38.Rf2 Rd1+ 39.Rf1 
Rd2 40.Rf2 Rd1+ 1/2-1/2

[Event "Weekend Accademia A Primavera"]
[Site "Roma ITA"]
[Date "2007.05.11"]
[Round "1"]
[White "Pecorari, Marcello"]
[Black "Quimi, Marco"]
[Result "0-1"]
[WhiteElo "1942"]
[BlackElo "2308"]
[PlyCount "58"]
[EventDate "2007.05.11"]

1.e4 c5 2.Nf3 Nc6 3.d4 cxd4 4.Nxd4 g6 5.Nc3 Bg7 6.Be3 Nf6 7.Be2 O-O 8.Nb3 
d6 9.O-O Bd7 10.f4 Rc8 11.g4 Na5 12.g5 Rxc3 13.gxf6 Rxe3 14.fxg7 Re8 15.
Bf3 Qb6 16.Kg2 Nc4 17.Qd4 Rxb3 18.Qxc4 Rxb2 19.Rf2 Rc8 20.Qd3 Bb5 21.Qd1 
Ba4 22.Rc1 Qe3 23.e5 Qxf4 24.exd6 Qxd6 25.Rd2 Qxd2+ 26.Qxd2 Rcxc2 27.Rxc2 
Rxc2 28.Qxc2 Bxc2 29.Bxb7 Kxg7 0-1

[Event "Weekend Accademia A Primavera"]
[Site "Roma ITA"]
[Date "2007.05.11"]
[Round "1"]
[White "Spano' Cuomo, Gaetano"]
[Black "Vignato, Giovanni"]
[Result "1/2-1/2"]
[WhiteElo "1855"]
[BlackElo "2050"]
[PlyCount "40"]
[EventDate "2007.05.11"]

1.d4 Nf6 2.Bf4 g6 3.Nf3 Bg7 4.Nbd2 O-O 5.e4 d6 6.Bd3 Bg4 7.h3 Bxf3 8.Nxf3 
Nbd7 9.Qd2 c5 10.d5 c4 11.Bxc4 Nxe4 12.Qe3 Bxb2 13.O-O Bxa1 14.Rxa1 Nef6 
15.Bh6 Re8 16.Ng5 Nb6 17.Bb5 Nbxd5 18.Bxe8 Nxe3 19.Bxf7+ Kh8 20.Be6 Qb6 
1/2-1/2

[Event "Weekend Accademia A Primavera"]
[Site "Roma ITA"]
[Date "2007.05.11"]
[Round "1"]
[White "Tomescu, Vlad"]
[Black "Golino, Giovanni"]
[Result "1-0"]
[WhiteElo "2408"]
[BlackElo "1949"]
[PlyCount "99"]
[EventDate "2007.05.11"]

1.e4 e6 2.d4 d5 3.Nc3 Bb4 4.Bd3 c5 5.exd5 exd5 6.dxc5 Nf6 7.Nf3 Nc6 8.O-O 
O-O 9.Bg5 Bxc5 10.Nxd5 Qxd5 11.Bxf6 Qh5 12.Bc3 Bg4 13.h3 Bxf3 14.Qxf3 Qxf3
15.gxf3 Bd4 16.Bxd4 Nxd4 17.Kg2 Rac8 18.Rac1 Rc5 19.f4 Ne6 20.Kg3 Rfc8 21.
Rfe1 Nd4 22.Re5 Kf8 23.c3 b6 24.Rxc5 Rxc5 25.Rd1 Ne6 26.f5 Nc7 27.Be4 Ke7 
28.Kf4 Ne8 29.Rd5 Rc8 30.f3 Nf6 31.Rd4 Rc5 32.c4 a5 33.b3 h6 34.Ke3 Nd7 
35.a3 b5 36.cxb5 Rxb5 37.b4 axb4 38.Bc6 Re5+ 39.Kf4 Nb8 40.Be4 Rb5 41.Rxb4
Rxb4 42.axb4 Nd7 43.Bc6 Nb8 44.Bb5 Kd6 45.Ke4 f6 46.Kd4 Nc6+ 47.Bxc6 Kxc6 
48.Kc4 Kb6 49.b5 Kb7 50.Kc5 1-0

[Event "Weekend Accademia A Primavera"]
[Site "Roma ITA"]
[Date "2007.05.11"]
[Round "1"]
[White "Tosoni, Augusto"]
[Black "Caprio, Guido"]
[Result "1-0"]
[WhiteElo "2270"]
[BlackElo "1934"]
[PlyCount "73"]
[EventDate "2007.05.11"]

1.e4 c5 2.Nf3 d6 3.d4 cxd4 4.Nxd4 Nf6 5.Nc3 g6 6.Be3 Bg7 7.f3 Nc6 8.Qd2 
O-O 9.Bc4 Bd7 10.O-O-O Rc8 11.Bb3 Ne5 12.g4 b5 13.Kb1 a5 14.g5 b4 15.Nce2 
Nh5 16.f4 Ng4 17.Bg1 a4 18.Bd5 e6 19.Bb7 Rb8 20.h3 e5 21.Nc6 Bxc6 22.Bxc6 
Qc8 23.hxg4 Nxf4 24.Nxf4 exf4 25.Bxa4 Qxg4 26.Bd4 Qxg5 27.Bxg7 Kxg7 28.
Qd4+ Qe5 29.Qf2 Qxe4 30.Qh4 h5 31.Rhf1 Ra8 32.Bb3 Ra5 33.Rxf4 Qe2 34.Qf6+ 
Kh6 35.Qxd6 Kg7 36.Rg1 Re5 37.Rxg6+ 1-0

[Event "Weekend Accademia A Primavera"]
[Site "Roma ITA"]
[Date "2007.05.12"]
[Round "2"]
[White "Bitossi, Massimo"]
[Black "Pecorari, Marcello"]
[Result "1/2-1/2"]
[WhiteElo "1878"]
[BlackElo "1942"]
[PlyCount "27"]
[EventDate "2007.05.11"]

1.d4 f5 2.e4 fxe4 3.Nc3 Nf6 4.Bg5 e6 5.Nxe4 Be7 6.Bxf6 Bxf6 7.Nf3 b6 8.Bd3
Nc6 9.c3 Bb7 10.Qc2 Qe7 11.a4 a5 12.Bb5 g6 13.h4 O-O-O 14.O-O-O 1/2-1/2

[Event "Weekend Accademia A Primavera"]
[Site "Roma ITA"]
[Date "2007.05.12"]
[Round "2"]
[White "Bonaposta, Fabrizio"]
[Black "Tosoni, Augusto"]
[Result "0-1"]
[WhiteElo "1994"]
[BlackElo "2270"]
[PlyCount "72"]
[EventDate "2007.05.11"]

1.c4 e5 2.Nc3 Nc6 3.g3 g6 4.Bg2 Bg7 5.e3 Nge7 6.Nge2 O-O 7.O-O f5 8.Rb1 a5
9.a3 d6 10.b4 axb4 11.axb4 Be6 12.Nd5 Qd7 13.d4 exd4 14.exd4 Bf7 15.Ne3 g5
16.d5 Ne5 17.Bb2 g4 18.Nf4 Ra2 19.Kh1 Rfa8 20.Ra1 Rxa1 21.Bxa1 Qa4 22.Qd4 
Qxb4 23.Ne6 c5 24.Qf4 Bxe6 25.dxe6 N5g6 26.Qxd6 Bxa1 27.Nd5 Nxd5 28.Bxd5 
Bf6 29.e7+ Kg7 30.Qe6 Bxe7 31.Re1 Rf8 32.Re3 Bg5 33.Qd7+ Kh6 34.Re6 Qb1+ 
35.Kg2 f4 36.gxf4 Rxf4 0-1

[Event "Weekend Accademia A Primavera"]
[Site "Roma ITA"]
[Date "2007.05.12"]
[Round "2"]
[White "Caprio, Guido"]
[Black "Musmarra, Giovanni"]
[Result "1-0"]
[WhiteElo "1934"]
[BlackElo "1717"]
[PlyCount "85"]
[EventDate "2007.05.11"]

1.e4 e5 2.Bc4 Nf6 3.d3 Be7 4.Nc3 d6 5.f4 Be6 6.f5 Bxc4 7.dxc4 Nc6 8.Be3 
Qd7 9.Qf3 g6 10.O-O-O gxf5 11.exf5 Rg8 12.Nge2 Rg4 13.h3 Rxc4 14.b3 Rb4 
15.a3 Rh4 16.g3 Rd4 17.Nxd4 exd4 18.Bxd4 Nxd4 19.Rxd4 c5 20.Rd2 O-O-O 21.
g4 d5 22.g5 Ne8 23.f6 Bd6 24.Nxd5 c4 25.b4 Qa4 26.Kb2 Kb8 27.Rhd1 Rc8 28.
Nc3 Qa6 29.Qd5 Qb6 30.Qb5 Qxb5 31.Nxb5 Bf4 32.Rd5 a6 33.Nd4 c3+ 34.Kb3 Bd2
35.Nf3 Bf4 36.R1d3 Nc7 37.Rd7 Nb5 38.Rxf7 Bc1 39.a4 Na3 40.Rdd7 Rc4 41.
Rxb7+ Kc8 42.Rbe7 Kd8 43.Rf8# 1-0

[Event "Weekend Accademia A Primavera"]
[Site "Roma ITA"]
[Date "2007.05.12"]
[Round "2"]
[White "Golino, Giovanni"]
[Black "Maddaloni, Giovanni"]
[Result "1-0"]
[WhiteElo "1949"]
[BlackElo "1867"]
[PlyCount "109"]
[EventDate "2007.05.11"]

1.e4 Nc6 2.d4 d6 3.Nc3 g6 4.Nf3 Bg7 5.Be3 a6 6.Be2 Nf6 7.h3 O-O 8.Qd2 b5 
9.a3 Bb7 10.O-O d5 11.e5 Ne8 12.Bh6 e6 13.Bd3 Nb8 14.b4 Nd7 15.Ne2 Nb6 16.
c3 Nc4 17.Bxc4 dxc4 18.Bxg7 Kxg7 19.Qe3 Bd5 20.Nh2 f5 21.Nf4 c6 22.Nf3 Ra7
23.Ra2 Nc7 24.Rfa1 g5 25.Nxd5 f4 26.Qd2 Nxd5 27.a4 h6 28.axb5 cxb5 29.Rxa6
Rxa6 30.Rxa6 Qc8 31.Ra7+ Rf7 32.Ra5 Qc6 33.Qc2 Rc7 34.Nd2 f3 35.Nxf3 Nf4 
36.Kh2 Rf7 37.Qd1 Nd3 38.Qe2 Nf4 39.Qe3 Nd5 40.Qe4 Rc7 41.Qe1 Rf7 42.Qa1 
Kg6 43.Ra6 Qd7 44.Rd6 Qc8 45.Qa6 Qxa6 46.Rxa6 Re7 47.Ra3 Kf5 48.Nd2 Rf7 
49.g3 h5 50.f3 g4 51.fxg4+ hxg4 52.hxg4+ Kxg4 53.Ne4 Rh7+ 54.Kg1 Rh3 55.
Nf2+ 1-0

[Event "Weekend Accademia A Primavera"]
[Site "Roma ITA"]
[Date "2007.05.12"]
[Round "2"]
[White "Marzio, Mario"]
[Black "Marta, Daniele"]
[Result "0-1"]
[WhiteElo "1457"]
[BlackElo "2076"]
[PlyCount "130"]
[EventDate "2007.05.11"]

1.e4 e6 2.d4 d5 3.exd5 exd5 4.Bd3 Bd6 5.h3 Ne7 6.Nf3 Bf5 7.O-O O-O 8.Re1 
c6 9.Bg5 f6 10.Bc1 Qd7 11.Nbd2 Bxd3 12.cxd3 Ng6 13.Nf1 Na6 14.a3 Rae8 15.
Be3 Re7 16.Qd2 Rfe8 17.N1h2 Nc7 18.h4 Ne6 19.g3 Nef8 20.Kg2 Qf5 21.Rad1 h5
22.Qc1 Nh8 23.Qd2 Nf7 24.Qc1 Qg6 25.Qd2 Kh7 26.Qc1 Nh6 27.Qd2 Ng4 28.Nf1 
Qf5 29.Qc1 Kg8 30.Qd2 Nh7 31.Qc1 g6 32.Qd2 Qd7 33.Qc1 Re6 34.Qd2 Nxe3+ 35.
Nxe3 f5 36.Nc2 Qf7 37.Rxe6 Rxe6 38.Re1 f4 39.Rxe6 Qxe6 40.Qe1 Qxe1 41.
Ncxe1 fxg3 42.fxg3 Nf8 43.Ne5 Kg7 44.N1f3 Kf6 45.Kf2 Kf5 46.Nf7 Bc7 47.
N7e5 Ne6 48.Ke3 a5 49.b3 Bd6 50.a4 Bc7 51.Kf2 Nxd4 52.Nxd4+ Kxe5 53.Nf3+ 
Kf5 54.Nd4+ Kf6 55.Kf3 Bb6 56.Ne2 Kf5 57.Nc3 Bd4 58.Ne2 Be5 59.Ng1 b5 60.
Nh3 bxa4 61.bxa4 c5 62.Ng5 c4 63.Nf7 c3 64.Nh6+ Ke6 65.g4 c2 0-1

[Event "Weekend Accademia A Primavera"]
[Site "Roma ITA"]
[Date "2007.05.12"]
[Round "2"]
[White "Proia, Gaetano"]
[Black "Spano' Cuomo, Gaetano"]
[Result "1-0"]
[WhiteElo "1865"]
[BlackElo "1855"]
[PlyCount "84"]
[EventDate "2007.05.11"]

1.e4 c5 2.Nf3 Nc6 3.d4 cxd4 4.Nxd4 Nf6 5.Nc3 d6 6.f3 Bd7 7.Be3 g6 8.Qd2 
Bg7 9.g4 Qa5 10.O-O-O Nxd4 11.Bxd4 g5 12.h4 h6 13.hxg5 hxg5 14.Rxh8+ Bxh8 
15.Bc4 b5 16.Qxg5 e5 17.Bxe5 bxc4 18.Bxf6 Qxg5+ 19.Bxg5 Bxc3 20.bxc3 Rb8 
21.Rxd6 Rb5 22.Bf6 Ra5 23.Kb2 Rb5+ 24.Ka1 Rc5 25.Ra6 Rc6 26.Rxc6 Bxc6 27.
Kb2 Ba4 28.Kc1 Kd7 29.Kd2 Ke6 30.Bd4 a6 31.f4 Bc6 32.f5+ Kd6 33.Ke3 Ba4 
34.e5+ Kd5 35.Kf4 Bxc2 36.Kg5 Bd1 37.Kf4 a5 38.a4 Kc6 39.e6 fxe6 40.f6 Kd7
41.g5 Bxa4 42.g6 Bc2 1-0

[Event "Weekend Accademia A Primavera"]
[Site "Roma ITA"]
[Date "2007.05.12"]
[Round "2"]
[White "Prudenzano, Ruggero"]
[Black "Marino, Giovanni"]
[Result "1/2-1/2"]
[WhiteElo "1814"]
[BlackElo "1933"]
[PlyCount "67"]
[EventDate "2007.05.11"]

1.d4 Nf6 2.c4 e6 3.Nc3 Bb4 4.Qc2 O-O 5.a3 Bxc3+ 6.Qxc3 h6 7.Nf3 b6 8.g3 
Bb7 9.Bg2 d6 10.O-O Nbd7 11.b4 a5 12.Bb2 axb4 13.axb4 d5 14.c5 c6 15.b5 
Qc7 16.bxc6 Qxc6 17.cxb6 Qxc3 18.Bxc3 Nxb6 19.Rfb1 Rxa1 20.Bxa1 Nfd7 21.
Ne5 Ba6 22.e4 dxe4 23.Bxe4 f6 24.Nxd7 Nxd7 25.d5 exd5 26.Bxd5+ Kh8 27.f4 
Bd3 28.Rd1 Bf5 29.Bd4 Rc8 30.Bf3 Nf8 31.g4 Bd7 32.g5 hxg5 33.fxg5 fxg5 34.
Bb2 1/2-1/2

[Event "Weekend Accademia A Primavera"]
[Site "Roma ITA"]
[Date "2007.05.12"]
[Round "2"]
[White "Vigile, Matteo"]
[Black "Tomescu, Vlad"]
[Result "0-1"]
[WhiteElo "2086"]
[BlackElo "2408"]
[PlyCount "44"]
[EventDate "2007.05.11"]

1.e4 c5 2.c3 d5 3.exd5 Qxd5 4.d4 Nf6 5.Nf3 Bg4 6.Be2 e6 7.h3 Bh5 8.O-O Nc6
9.c4 Qd8 10.dxc5 Bxc5 11.Nc3 O-O 12.Bg5 h6 13.Qxd8 Rfxd8 14.Bxf6 gxf6 15.
Ne4 Be7 16.Rfd1 Bxf3 17.Bxf3 Nd4 18.Rd3 h5 19.Nc3 Nxf3+ 20.Rxf3 Rd2 21.b3 
Rad8 22.a3 R8d3 0-1

[Event "Weekend Accademia A Primavera"]
[Site "Roma ITA"]
[Date "2007.05.12"]
[Round "2"]
[White "Vignato, Giovanni"]
[Black "Ottaviani, Gianluca"]
[Result "0-1"]
[WhiteElo "2050"]
[BlackElo "1963"]
[PlyCount "84"]
[EventDate "2007.05.11"]

1.e4 c5 2.c3 d6 3.d4 Nf6 4.dxc5 dxc5 5.Qxd8+ Kxd8 6.f3 Nc6 7.Bf4 e5 8.Be3 
Be6 9.Nd2 Be7 10.Bc4 Kc7 11.Bxe6 fxe6 12.Nh3 h6 13.O-O-O g5 14.Nf2 Nd7 15.
Nd3 b5 16.b3 a5 17.Kb2 Rhb8 18.Bf2 a4 19.h4 c4 20.Nc1 cxb3 21.axb3 a3+ 22.
Ka2 b4 23.c4 Nd4 24.Bxd4 exd4 25.Nd3 gxh4 26.f4 Rg8 27.Rdg1 Rg3 28.Nf3 
Rag8 29.Nde1 d3 30.Nxd3 Rxg2+ 31.Rxg2 Rxg2+ 32.Ka1 Rg3 33.Nde1 Nc5 34.Ka2 
Nxe4 35.Rg1 Bc5 36.Rg2 Rxg2+ 37.Nxg2 h3 38.Nge1 Nc3+ 39.Ka1 Ne2 40.Nd3 
Bd4+ 41.Ka2 Bc3 42.Nh2 Bd2 0-1

[Event "Weekend Accademia A Primavera"]
[Site "Roma ITA"]
[Date "2007.05.12"]
[Round "3"]
[White "Caprio, Guido"]
[Black "Bonaposta, Fabrizio"]
[Result "1/2-1/2"]
[WhiteElo "1934"]
[BlackElo "1994"]
[PlyCount "54"]
[EventDate "2007.05.11"]

1.e4 c5 2.Nf3 e6 3.d4 cxd4 4.Nxd4 a6 5.Nc3 Qc7 6.Bd3 Nf6 7.Be3 b5 8.O-O 
Bb7 9.f4 d6 10.Qf3 Nbd7 11.Rae1 Nc5 12.Qg3 b4 13.e5 bxc3 14.exf6 gxf6 15.
Nf5 O-O-O 16.Bd4 exf5 17.Bxf6 Bh6 18.Bxh8 Rxh8 19.Bxf5+ Kb8 20.bxc3 Qd8 
21.Re2 Qf6 22.Bxh7 Bg7 23.Bf5 Qxf5 24.Qxg7 Qh5 25.h3 Qxe2 26.Qxh8+ Ka7 27.
Qg7 Ne6 1/2-1/2

[Event "Weekend Accademia A Primavera"]
[Site "Roma ITA"]
[Date "2007.05.12"]
[Round "3"]
[White "Di Cecco, Giuseppe"]
[Black "Vignato, Giovanni"]
[Result "1-0"]
[WhiteElo "2027"]
[BlackElo "2050"]
[PlyCount "79"]
[EventDate "2007.05.11"]

1.e4 c6 2.d4 d5 3.e5 Bf5 4.Nf3 e6 5.Be2 Ne7 6.O-O c5 7.c3 Nec6 8.Na3 cxd4 
9.cxd4 Bxa3 10.bxa3 Nd7 11.Be3 O-O 12.Rc1 Qe7 13.Qb3 Nb6 14.Rc5 Rac8 15.
Rfc1 Rc7 16.Bd2 Rfc8 17.Bb4 Qd8 18.h3 Be4 19.Qd1 Nd7 20.R5c3 Nxb4 21.Rxc7 
Rxc7 22.axb4 Bxf3 23.Bxf3 Qc8 24.Rxc7 Qxc7 25.Qd2 h6 26.Be2 a6 27.a4 Nb6 
28.a5 Na4 29.b5 axb5 30.Qb4 Qc1+ 31.Kh2 Nc3 32.Bxb5 Qf4+ 33.Kg1 Nd1 34.f3 
Qe3+ 35.Kh2 Qf2 36.Qe7 Ne3 37.Qe8+ Kh7 38.Bd3+ g6 39.Qxf7+ Kh8 40.Qf6+ 1-0

[Event "Weekend Accademia A Primavera"]
[Site "Roma ITA"]
[Date "2007.05.12"]
[Round "3"]
[White "Golino, Giovanni"]
[Black "Vigile, Matteo"]
[Result "1-0"]
[WhiteElo "1949"]
[BlackElo "2086"]
[PlyCount "55"]
[EventDate "2007.05.11"]

1.e4 e5 2.Nf3 Nc6 3.Bb5 a6 4.Ba4 Nf6 5.d3 b5 6.Bb3 Bc5 7.Nc3 d6 8.h3 O-O 
9.Bg5 h6 10.Bh4 Na5 11.Nd5 g5 12.Nxf6+ Qxf6 13.Bg3 Nxb3 14.axb3 Qg7 15.Qd2
f5 16.exf5 Rxf5 17.O-O-O Bb7 18.Ne1 a5 19.c3 b4 20.f3 Qf7 21.Qc2 Bd5 22.c4
Bc6 23.Bf2 a4 24.Bxc5 dxc5 25.bxa4 b3 26.Qxb3 Bxa4 27.Qb7 Rf6 28.Qxa8+ 1-0

[Event "Weekend Accademia A Primavera"]
[Site "Roma ITA"]
[Date "2007.05.12"]
[Round "3"]
[White "Marino, Giovanni"]
[Black "Marzio, Mario"]
[Result "1-0"]
[WhiteElo "1933"]
[BlackElo "1457"]
[PlyCount "57"]
[EventDate "2007.05.11"]

1.d4 d5 2.Nf3 e6 3.c4 c6 4.Qc2 Nf6 5.g3 Be7 6.Bg2 Nbd7 7.O-O O-O 8.b3 Qc7 
9.Bb2 Re8 10.Nbd2 Bf8 11.e4 dxe4 12.Nxe4 Nxe4 13.Qxe4 Nf6 14.Qc2 Bd6 15.
Rfe1 Nd7 16.Rad1 e5 17.dxe5 Bb4 18.Re2 Nc5 19.a3 Bxa3 20.Bxa3 Nd7 21.Ng5 
g6 22.e6 Ne5 23.Rxe5 Qxe5 24.exf7+ Kg7 25.Bb2 Bf5 26.Bxe5+ Rxe5 27.Qc3 Kf6
28.f4 Rf8 29.Qxe5# 1-0

[Event "Weekend Accademia A Primavera"]
[Site "Roma ITA"]
[Date "2007.05.12"]
[Round "3"]
[White "Marta, Daniele"]
[Black "Ottaviani, Gianluca"]
[Result "1/2-1/2"]
[WhiteElo "2076"]
[BlackElo "1963"]
[PlyCount "46"]
[EventDate "2007.05.11"]

1.d4 Nf6 2.c4 e6 3.Nf3 c5 4.d5 exd5 5.cxd5 d6 6.Nc3 g6 7.e4 Bg7 8.Be2 O-O 
9.O-O Re8 10.Qc2 a6 11.a4 Nbd7 12.Nd2 Ne5 13.h3 g5 14.Nc4 Nxc4 15.Bxc4 g4 
16.h4 h6 17.g3 Qe7 18.Re1 Nh5 19.Be3 Qe5 20.Bd3 Nxg3 21.fxg3 Qxg3+ 22.Qg2 
Qxh4 23.Qh2 Qxh2+ 1/2-1/2

[Event "Weekend Accademia A Primavera"]
[Site "Roma ITA"]
[Date "2007.05.12"]
[Round "3"]
[White "Musmarra, Giovanni"]
[Black "Maddaloni, Giovanni"]
[Result "1-0"]
[WhiteElo "1717"]
[BlackElo "1867"]
[PlyCount "50"]
[EventDate "2007.05.11"]

1.e4 c5 2.Nf3 Nc6 3.d4 cxd4 4.Nxd4 e5 5.Nb5 a6 6.Nd6+ Bxd6 7.Qxd6 Qf6 8.
Qd1 Qg6 9.Nc3 Nge7 10.g3 d6 11.Bg2 h5 12.Be3 h4 13.Qd2 h3 14.Bf1 Bg4 15.
Be2 Bxe2 16.Qxe2 O-O 17.O-O-O Rac8 18.f4 f5 19.Qd3 Rfd8 20.Rhe1 d5 21.exd5
e4 22.Qc4 Ne5 23.Qb3 Nf3 24.Qxb7 Kf8 25.Qxe7+ Kxe7 1-0

[Event "Weekend Accademia A Primavera"]
[Site "Roma ITA"]
[Date "2007.05.12"]
[Round "3"]
[White "Pecorari, Marcello"]
[Black "Prudenzano, Ruggero"]
[Result "1/2-1/2"]
[WhiteElo "1942"]
[BlackElo "1814"]
[PlyCount "78"]
[EventDate "2007.05.11"]

1.e4 c5 2.Nf3 d6 3.d4 cxd4 4.Nxd4 Nf6 5.Nc3 a6 6.Bc4 e6 7.Bb3 Nbd7 8.Be3 
Nc5 9.f3 Be7 10.Qd2 Qc7 11.O-O-O Bd7 12.g4 h6 13.h4 O-O-O 14.Kb1 Nxb3 15.
cxb3 Kb8 16.Nce2 Ka8 17.b4 e5 18.Nb3 Bc6 19.Nc3 d5 20.exd5 Nxd5 21.Nxd5 
Rxd5 22.Qc3 Rc8 23.Na5 Rxd1+ 24.Rxd1 Bxf3 25.Rf1 Be4+ 26.Ka1 Qxc3 27.bxc3 
Bxh4 28.Rxf7 Bf6 29.Kb2 Kb8 30.Bxh6 b6 31.g5 gxh6 32.Rxf6 bxa5 33.gxh6 
axb4 34.cxb4 Kb7 35.Re6 Rc2+ 36.Ka1 Rc6 37.Rxe5 Bh7 38.Re7+ Rc7 39.Rxc7+ 
Kxc7 1/2-1/2

[Event "Weekend Accademia A Primavera"]
[Site "Roma ITA"]
[Date "2007.05.12"]
[Round "3"]
[White "Spano' Cuomo, Gaetano"]
[Black "Bitossi, Massimo"]
[Result "1/2-1/2"]
[WhiteElo "1855"]
[BlackElo "1878"]
[PlyCount "72"]
[EventDate "2007.05.11"]

1.f4 e5 2.e4 exf4 3.Nf3 Be7 4.Bc4 Bh4+ 5.Kf1 d6 6.Nc3 Nh6 7.d3 Ng4 8.Qe2 
Ne3+ 9.Bxe3 fxe3 10.Qxe3 Be6 11.Nd5 c6 12.Nxh4 O-O 13.Nc7 Qxc7 14.Bxe6 
fxe6+ 15.Ke2 Nd7 16.Raf1 Qa5 17.a3 Qh5+ 18.Nf3 Qb5 19.b3 Nf6 20.a4 Qh5 21.
Qg5 Qe8 22.g4 Qd7 23.e5 Nd5 24.exd6 Qxd6 25.Ne5 h6 26.Nc4 Nc3+ 27.Ke1 Qd4 
28.Qe5 Qxe5+ 29.Nxe5 Nd5 30.Kd2 Rxf1 31.Rxf1 Rf8 32.Rxf8+ Kxf8 33.c4 Nf6 
34.b4 Ke7 35.Ke3 Kd6 36.d4 b5 1/2-1/2

[Event "Weekend Accademia A Primavera"]
[Site "Roma ITA"]
[Date "2007.05.12"]
[Round "3"]
[White "Tomescu, Vlad"]
[Black "Profumo, Alberto"]
[Result "1-0"]
[WhiteElo "2408"]
[BlackElo "2256"]
[PlyCount "119"]
[EventDate "2007.05.11"]

1.d4 Nf6 2.c4 g6 3.Nc3 Bg7 4.e4 d6 5.f3 c6 6.Be3 Nbd7 7.Qd2 a6 8.a4 O-O 9.
a5 e5 10.d5 c5 11.g4 b6 12.Bd3 Rb8 13.Nge2 bxa5 14.Ng3 Rb4 15.h4 Nb6 16.
Qe2 Ne8 17.h5 g5 18.Kf2 a4 19.Ra2 h6 20.Rha1 Bd7 21.Nf1 Nc7 22.Nd2 Qb8 23.
Nf1 Qb7 24.Bc1 Rb8 25.Ne3 Qc8 26.Bc2 Qe8 27.Qd3 f6 28.Ra3 Bf8 29.Qe2 Be7 
30.Nb1 Bf8 31.Nd2 Rb7 32.b3 axb3 33.Nxb3 Ra4 34.Na5 Rxa3 35.Rxa3 Rb8 36.
Qe1 Be7 37.Bd2 Qd8 38.Rb3 Nba8 39.Nb7 Qf8 40.Qb1 Ne8 41.Nxc5 Rxb3 42.Nxb3 
Ng7 43.Na5 Qc8 44.Qb4 Qc7 45.Ba4 Bc8 46.Nc6 Kf7 47.Qb3 Qb6 48.Qa2 Qb7 49.
c5 dxc5 50.d6+ Be6 51.dxe7 Bxa2 52.Nd8+ Kxe7 53.Nxb7 Nb6 54.Nxc5 Kd6 55.
Bb4 a5 56.Ba3 Ne6 57.Nf5+ Kc7 58.Bb5 Nd4 59.Nxd4 exd4 60.Bb2 1-0

[Event "Weekend Accademia A Primavera"]
[Site "Roma ITA"]
[Date "2007.05.13"]
[Round "4"]
[White "Bonaposta, Fabrizio"]
[Black "Marino, Giovanni"]
[Result "1-0"]
[WhiteElo "1994"]
[BlackElo "1933"]
[PlyCount "61"]
[EventDate "2007.05.11"]

1.e4 c5 2.d4 cxd4 3.c3 d3 4.Bxd3 d6 5.Nf3 Nc6 6.O-O Nf6 7.c4 e6 8.Nc3 Be7 
9.Bg5 O-O 10.Rc1 a6 11.Qe2 Bd7 12.Rfd1 Qb8 13.Bb1 Rd8 14.Bf4 b6 15.a3 Be8 
16.b4 Nd7 17.Be3 Nce5 18.Nd4 Rc8 19.Ba2 Nc6 20.f4 Nxd4 21.Bxd4 Bf6 22.Qf2 
Be7 23.f5 Ra7 24.fxe6 fxe6 25.Na4 Rb7 26.c5 bxc5 27.Bxe6+ Kh8 28.bxc5 dxc5
29.Nxc5 Bxc5 30.Rxc5 Nxc5 31.Qf8# 1-0

[Event "Weekend Accademia A Primavera"]
[Site "Roma ITA"]
[Date "2007.05.13"]
[Round "4"]
[White "Maddaloni, Giovanni"]
[Black "Marzio, Mario"]
[Result "1/2-1/2"]
[WhiteElo "1867"]
[BlackElo "1457"]
[PlyCount "70"]
[EventDate "2007.05.11"]

1.e4 e5 2.Nf3 Nc6 3.Bb5 a6 4.Bxc6 dxc6 5.O-O Bg4 6.d3 Bd6 7.Nbd2 Nf6 8.h3 
Be6 9.c4 O-O 10.Re1 Qd7 11.Nf1 Rad8 12.a3 Rfe8 13.Be3 b6 14.Qc2 Qe7 15.
Rad1 Nd7 16.d4 exd4 17.Nxd4 Nb8 18.f3 Rd7 19.Nxe6 Qxe6 20.c5 Be7 21.Rxd7 
Nxd7 22.cxb6 cxb6 23.Rc1 c5 24.Qa4 b5 25.Qc2 c4 26.Ng3 Nc5 27.Nf5 Bf8 28.
a4 Nd3 29.Ra1 b4 30.b3 Rc8 31.Rd1 g6 32.Nh6+ Bxh6 33.Bxh6 Qb6+ 34.Kh2 Qc7+
35.Kh1 Qc5 1/2-1/2

[Event "Weekend Accademia A Primavera"]
[Site "Roma ITA"]
[Date "2007.05.13"]
[Round "4"]
[White "Ottaviani, Gianluca"]
[Black "Proia, Gaetano"]
[Result "1-0"]
[WhiteElo "1963"]
[BlackElo "1865"]
[PlyCount "52"]
[EventDate "2007.05.11"]

1.d4 Nf6 2.Nf3 g6 3.Bg5 Bg7 4.Nbd2 d6 5.e4 c6 6.Bd3 Qc7 7.O-O O-O 8.Re1 e5
9.c3 Bg4 10.a4 a5 11.h3 Bxf3 12.Qxf3 Nbd7 13.Nc4 Rfe8 14.dxe5 dxe5 15.Rad1
h6 16.Be3 b6 17.Bf1 Bf8 18.Rd2 Kg7 19.Red1 Nc5 20.Bxh6+ Kxh6 21.Qxf6 Kh7 
22.Rd7 Nxd7 23.Qxf7+ Kh6 24.Rxd7 Qc8 25.Qh7+ Kg5 26.h4+ Kg4 1-0

[Event "Weekend Accademia A Primavera"]
[Site "Roma ITA"]
[Date "2007.05.13"]
[Round "4"]
[White "Pecorari, Marcello"]
[Black "Spano' Cuomo, Gaetano"]
[Result "1-0"]
[WhiteElo "1942"]
[BlackElo "1855"]
[PlyCount "75"]
[EventDate "2007.05.11"]

1.e4 e6 2.d4 d5 3.exd5 exd5 4.c4 Nf6 5.Nc3 c6 6.Nf3 Bd6 7.Bd3 O-O 8.O-O 
Re8 9.c5 Bc7 10.Bg5 Nbd7 11.Qc2 Nf8 12.Rfe1 Ng6 13.h3 Be6 14.Ne5 Qb8 15.f4
Nd7 16.f5 Bxf5 17.Bxf5 Ndxe5 18.dxe5 Bxe5 19.Bxg6 hxg6 20.Bh4 Qc7 21.Re2 
Re6 22.Rae1 Rae8 23.Kh1 Qd7 24.Nd1 Bb8 25.Rxe6 Rxe6 26.Rxe6 Qxe6 27.Qc3 g5
28.Bg3 Qe2 29.Qe1 Qxe1+ 30.Bxe1 d4 31.Nf2 f5 32.Nd3 Kf7 33.Kg1 Ke6 34.Kf2 
Kd5 35.b3 a6 36.Kf3 Bh2 37.Bb4 g6 38.g3 1-0

[Event "Weekend Accademia A Primavera"]
[Site "Roma ITA"]
[Date "2007.05.13"]
[Round "4"]
[White "Profumo, Alberto"]
[Black "Golino, Giovanni"]
[Result "1-0"]
[WhiteElo "2256"]
[BlackElo "1949"]
[PlyCount "87"]
[EventDate "2007.05.11"]

1.Nf3 d5 2.g3 Nf6 3.Bg2 c5 4.O-O Nc6 5.d4 e6 6.c4 Be7 7.cxd5 Nxd5 8.Nc3 
Nxd4 9.Nxd4 cxd4 10.Nxd5 exd5 11.Qxd4 Be6 12.Qxg7 Bf6 13.Qh6 Bf5 14.Rd1 
Be6 15.Be3 Qe7 16.Bc5 Qd8 17.Bd4 Bxd4 18.Rxd4 Qb6 19.Qf6 Qxb2 20.Rad1 Rg8 
21.e4 Rd8 22.exd5 Rg6 23.Qe5 Rg4 24.f4 Kf8 25.dxe6 Rxd4 26.e7+ Ke8 27.Rxd4
Qb6 28.Be4 f6 29.Qb8+ Kxe7 30.Qxb7+ Qxb7 31.Bxb7 h5 32.Bf3 Rg8 33.Bxh5 Rb8
34.a4 a5 35.Be2 Rb6 36.Rd5 Rb1+ 37.Kg2 Rb2 38.Kf2 Rb1 39.Rxa5 Rh1 40.Rh5 
Ra1 41.a5 Ra2 42.a6 Kd8 43.Rh7 Kc8 44.h4 1-0

[Event "Weekend Accademia A Primavera"]
[Site "Roma ITA"]
[Date "2007.05.13"]
[Round "4"]
[White "Prudenzano, Ruggero"]
[Black "Bitossi, Massimo"]
[Result "0-1"]
[WhiteElo "1814"]
[BlackElo "1878"]
[PlyCount "62"]
[EventDate "2007.05.11"]

1.d4 Nf6 2.c4 c5 3.d5 e6 4.Nc3 exd5 5.cxd5 d6 6.e4 g6 7.f3 Bg7 8.Bg5 h6 9.
Be3 O-O 10.Qd2 Kh7 11.Nge2 a6 12.a4 Ng8 13.Ng3 f5 14.exf5 Bxf5 15.Bd3 Bxd3
16.Qxd3 Nd7 17.f4 Ngf6 18.h3 b5 19.axb5 axb5 20.O-O b4 21.Na4 Qc7 22.b3 
Rfe8 23.f5 g5 24.Nh5 Rxe3 25.Nxf6+ Bxf6 26.Qxe3 Bd4 27.Qxd4 cxd4 28.Rac1 
Qd8 29.Rc4 d3 30.Rxb4 Rb8 31.Rxb8 Qxb8 0-1

[Event "Weekend Accademia A Primavera"]
[Site "Roma ITA"]
[Date "2007.05.13"]
[Round "4"]
[White "Quimi, Marco"]
[Black "Di Cecco, Giuseppe"]
[Result "1-0"]
[WhiteElo "2308"]
[BlackElo "2027"]
[PlyCount "65"]
[EventDate "2007.05.11"]

1.e4 e5 2.Nf3 Nc6 3.Bb5 a6 4.Ba4 Nf6 5.O-O Bc5 6.Nxe5 Nxe5 7.d4 Bxd4 8.
Qxd4 Qe7 9.Bf4 Nc6 10.Bxc6 dxc6 11.Nc3 Bg4 12.f3 Rd8 13.Qe5 Be6 14.a3 O-O 
15.Qxc7 Qc5+ 16.Kh1 Rd7 17.Qe5 Qc4 18.b3 Qd4 19.Qxd4 Rxd4 20.Be3 Rdd8 21.
Rad1 Nd7 22.h3 f5 23.Bg5 Rde8 24.Rfe1 f4 25.Ne2 h6 26.Bxf4 g5 27.Bg3 Nf6 
28.Bd6 Rf7 29.Ng3 h5 30.e5 h4 31.Ne2 Nh5 32.Rd4 Nf4 33.Nxf4 1-0

[Event "Weekend Accademia A Primavera"]
[Site "Roma ITA"]
[Date "2007.05.13"]
[Round "4"]
[White "Tosoni, Augusto"]
[Black "Tomescu, Vlad"]
[Result "1/2-1/2"]
[WhiteElo "2270"]
[BlackElo "2408"]
[PlyCount "27"]
[EventDate "2007.05.11"]

1.d4 d5 2.c4 e6 3.Nc3 Nf6 4.Bg5 Nbd7 5.Nf3 c6 6.e3 Be7 7.Bd3 O-O 8.O-O Re8
9.Qc2 Nf8 10.e4 dxe4 11.Nxe4 Nxe4 12.Bxe7 Qxe7 13.Bxe4 Bd7 14.Rfe1 1/2-1/2